LAS INSTITUCIONES EDUCATIVAS Y SU CULTURA - Prácticas y creencias construidas a través del tiempo (Registro nro. 228872)
[ vista simple ]
| 000 -LEADER | |
|---|---|
| fixed length control field | 00468nam a2200145Ia 4500 |
| 008 - FIXED-LENGTH DATA ELEMENTS--GENERAL INFORMATION | |
| fixed length control field | 191213s9999 xx 000 0 und d |
| 020 ## - INTERNATIONAL STANDARD BOOK NUMBER | |
| International Standard Book Number | 9788427720435 |
| 100 1# - MAIN ENTRY--PERSONAL NAME | |
| Personal name | ESCALERA, Ignacio |
| 245 1# - TITLE STATEMENT | |
| Title | LAS INSTITUCIONES EDUCATIVAS Y SU CULTURA - Prácticas y creencias construidas a través del tiempo |
| 260 00 - PUBLICATION, DISTRIBUTION, ETC. | |
| Place of publication, distribution, etc. | 2016 |
| 250 ## - EDITION STATEMENT | |
| Edition statement | 1 |
| 650 00 - SUBJECT ADDED ENTRY--TOPICAL TERM | |
| Topical term following geographic name entry element | Educación y Psicología |
| 856 00 - ELECTRONIC LOCATION AND ACCESS | |
| Uniform Resource Identifier | <a href="https://uin.bibliotecasdigitales.com/read/9788427720435/index">https://uin.bibliotecasdigitales.com/read/9788427720435/index</a> |
| 942 ## - ADDED ENTRY ELEMENTS (KOHA) | |
| Koha item type | Recurso Electrónico |
| Withdrawn status | Lost status | Damaged status | Not for loan | Collection | Home library | Current library | Date acquired | Total checkouts | Barcode | Date last seen | Price effective from | Koha item type |
|---|---|---|---|---|---|---|---|---|---|---|---|---|
| Colección Alfaomega | Biblioteca Digital UIN | Biblioteca Digital UIN | 04/21/2025 | ALF5000 | 04/21/2025 | 04/21/2025 | Recurso Electrónico |